[Event "GER-chT U14 Girls"]
[Site "Neumuenster"]
[Date "2017.12.29"]
[Round "6.4"]
[White "Bashylina, Luisa"]
[Black "Eisele, Lea Carolin"]
[Result "1-0"]
[WhiteElo "1690"]
[BlackElo "751"]
[PlyCount "51"]
[EventDate "2017.12.26"]
[EventType "team-swiss"]
[EventRounds "7"]
[EventCountry "GER"]
[SourceTitle "CBM 182 Extra"]
[Source "ChessBase"]
[SourceDate "2018.02.23"]
[SourceVersion "1"]
[SourceVersionDate "2018.02.23"]
[SourceQuality "1"]
[WhiteTeam "Solingen SG"]
[BlackTeam "Sasbach"]
[WhiteTeamCountry "GER"]
[BlackTeamCountry "GER"]

1. e4 e5 2. Nf3 Nc6 3. d4 exd4 4. Nxd4 Nf6 5. Nxc6 bxc6 6. Bd3 Bb4+ 7. c3 Bc5 8. 0-0 Ng4 9. Qxg4 d6 10. Qxg7 Rf8 11. Bh6 Qe7 12. Qxh7 d5 13. Bxf8 Qxf8 14. exd5 cxd5 15. Bb5+ Bd7 16. Re1+ Be7 17. Bxd7+ Kxd7 18. Nd2 Rb8 19. Qf5+ Ke8 20. Qxd5 Rd8 21. Qc6+ Rd7 22. Ne4 Qg7 23. Nf6+ Kf8 24. Nxd7+ Ke8 25. Nf6+ Kf8 26. Qe8# 1-0